[Event "Mexican op 69th"]
[Site "Mexico City"]
[Date "2024.03.30"]
[Round "7"]
[White "Czebe, Attila"]
[Black "Martin Del Campo C, Roberto Abel"]
[Result "1/2-1/2"]
[WhiteElo "2344"]
[BlackElo "2204"]
[PlyCount "106"]
[EventDate "2024.03.26"]
[EventType "swiss"]
[EventRounds "9"]
[EventCountry "MEX"]
[SourceTitle "CB14_2024"]
[SourceDate "2024.04.01"]
[SourceVersion "1"]
[SourceVersionDate "2024.04.01"]
[SourceQuality "1"]

1. e4 c5 2. Nf3 Nc6 3. Bb5 g6 4. 0-0 Bg7 5. Re1 Nf6 6. e5 Nd5 7. Nc3 Nc7 8. Bxc6 dxc6 9. h3 0-0 10. d3 Ne6 11. Ne4 b6 12. Ng3 Nd4 13. Nh2 Qd5 14. f4 Be6 15. Nhf1 Rad8 16. Ne3 Qd7 17. Rf1 Qc8 18. Bd2 Kh8 19. Qe1 Rfe8 20. Qf2 f5 21. exf6 exf6 22. f5 Nxf5 23. Nexf5 Bxf5 24. Nxf5 Qxf5 25. Qxf5 gxf5 26. Bc3 Re2 27. Rac1 Kg8 28. Rxf5 Bh6 29. Re1 Rxe1+ 30. Bxe1 c4 31. Rxf6 Bg7 32. Rxc6 cxd3 33. cxd3 Bxb2 34. Bc3 Bc1 35. Bf6 Be3+ 36. Kf1 Rxd3 37. Ke2 Ra3 38. Rc3 Bc5 39. Rxa3 Bxa3 40. Kd3 b5 41. Ke4 Kf7 42. Bd4 a5 43. Kd5 Be7 44. Bc5 Bd8 45. g4 Kg6 46. Be3 h5 47. gxh5+ Kxh5 48. Bf2 b4 49. Kc5 Kg6 50. Kb5 Kf5 51. h4 Kg4 52. Be1 Kh5 53. Bf2 Kg4 1/2-1/2

[Event "Mexican op 69th"]
[Site "Mexico City"]
[Date "2024.03.28"]
[Round "3"]
[White "Obregon Rivero, Juan Carlos"]
[Black "Czebe, Attila"]
[Result "1-0"]
[WhiteElo "2496"]
[BlackElo "2344"]
[PlyCount "60"]
[EventDate "2024.03.26"]
[EventType "swiss"]
[EventRounds "9"]
[EventCountry "MEX"]
[SourceTitle "CB14_2024"]
[SourceDate "2024.04.01"]
[SourceVersion "1"]
[SourceVersionDate "2024.04.01"]
[SourceQuality "1"]

1. d4 Nf6 2. c4 e6 3. Nf3 Bb4+ 4. Bd2 a5 5. g3 0-0 6. Bg2 Ne4 7. Bxb4 axb4 8. Qc2 d5 9. 0-0 Nc6 10. Rd1 Qf6 11. e3 Ra6 12. Nbd2 Nxd2 13. Nxd2 Rd8 14. Rdc1 Qe7 15. Nb3 Ra7 16. Nc5 b6 17. Nd3 dxc4 18. Qxc4 Ba6 19. Qb3 Bxd3 20. Qxd3 Nb8 21. Qc4 g6 22. Rd1 Nd7 23. Rd2 Nf6 24. Bc6 e5 25. Rad1 e4 26. Kg2 Ra5 27. d5 Ng4 28. d6 Rxd6 29. Rxd6 cxd6 30. Bxe4 d5 1-0

[Event "New York President's Day IM-C"]
[Site "New York"]
[Date "2024.02.18"]
[Round "6"]
[White "Ho, Carter"]
[Black "Czebe, Attila"]
[Result "0-1"]
[WhiteElo "2102"]
[BlackElo "2336"]
[PlyCount "94"]
[EventDate "2024.02.15"]
[EventType "schev"]
[EventRounds "9"]
[EventCountry "USA"]
[SourceTitle "CB08_2024"]
[SourceDate "2024.02.21"]
[SourceVersion "1"]
[SourceVersionDate "2024.02.21"]
[SourceQuality "1"]

1. e4 g6 2. d4 Bg7 3. Nc3 Nc6 4. d5 Nb8 5. Be3 d6 6. Qd2 c6 7. 0-0-0 Nd7 8. Nf3 a6 9. Bd4 Ngf6 10. Be3 cxd5 11. exd5 b5 12. a3 Bb7 13. Bh6 Bxh6 14. Qxh6 Qb6 15. Ng5 Qxf2 16. Nge4 Ng4 17. Qg5 Qf5 18. Qd2 Ndf6 19. Bd3 Nxe4 20. Nxe4 Qxd5 21. Rde1 Ne5 22. Kb1 Qc6 23. Qh6 0-0-0 24. Nc3 f6 25. Qg7 Qd7 26. Be4 d5 27. Rd1 Rhg8 28. Qh6 Qe6 29. Bf3 g5 30. Rhe1 Qf7 31. Ne2 g4 32. Nd4 gxf3 33. gxf3 Kb8 34. f4 Nc6 35. Ne6 Rd6 36. Nc5 Bc8 37. a4 Ka7 38. axb5 axb5 39. f5 Kb6 40. Nb3 Bxf5 41. Qe3+ Kc7 42. Qc5 e5 43. Na5 Ra8 44. b4 d4 45. Kb2 Ra6 46. c4 bxc4 47. Nxc4 Rd5 0-1

[Event "New York President's Day IM-C"]
[Site "New York"]
[Date "2024.02.17"]
[Round "4"]
[White "Shangin, Lev"]
[Black "Czebe, Attila"]
[Result "0-1"]
[WhiteElo "1879"]
[BlackElo "2336"]
[PlyCount "90"]
[EventDate "2024.02.15"]
[EventType "schev"]
[EventRounds "9"]
[EventCountry "USA"]
[SourceTitle "CB08_2024"]
[SourceDate "2024.02.21"]
[SourceVersion "1"]
[SourceVersionDate "2024.02.21"]
[SourceQuality "1"]

1. d4 d6 2. e4 Nf6 3. Nc3 a6 4. Bd3 e5 5. Nge2 Be7 6. f3 0-0 7. Be3 exd4 8. Nxd4 c5 9. Nde2 b5 10. Nf4 Nbd7 11. a4 b4 12. Ncd5 Nxd5 13. Nxd5 Bh4+ 14. g3 Bf6 15. Rb1 Bb7 16. Nxf6+ Qxf6 17. 0-0 Rfe8 18. c4 bxc3 19. bxc3 Bc6 20. c4 Rab8 21. Kg2 Rb4 22. Rxb4 cxb4 23. Qc2 Nc5 24. Bxc5 dxc5 25. Rd1 Rd8 26. Be2 Rd4 27. Rxd4 Qxd4 28. Qd1 Kf8 29. Qxd4 cxd4 30. Bd1 Ke7 31. Kf2 Kd6 32. Ke2 Kc5 33. Kd3 a5 34. f4 f5 35. exf5 Bg2 36. h4 Bf1+ 37. Kd2 Bxc4 38. g4 b3 39. Kc1 Kb4 40. Kb2 Kxa4 41. g5 Kb4 42. h5 a4 43. h6 a3+ 44. Ka1 b2+ 45. Kb1 Kc3 0-1

[Event "Budapest Vezerkepzo IM New Year"]
[Site "Budapest"]
[Date "2024.01.09"]
[Round "6"]
[White "Bhagat, Kush"]
[Black "Czebe, Attila"]
[Result "1/2-1/2"]
[WhiteElo "2161"]
[BlackElo "2346"]
[PlyCount "27"]
[EventDate "2024.01.05"]
[EventType "tourn"]
[EventRounds "11"]
[EventCountry "HUN"]
[SourceTitle "CB03_2024"]
[SourceDate "2024.01.17"]
[SourceVersion "1"]
[SourceVersionDate "2024.01.17"]
[SourceQuality "1"]

1. d4 Nf6 2. c4 c5 3. d5 e5 4. Nc3 d6 5. e4 Nbd7 6. Nf3 Be7 7. Bd3 a6 8. a4 0-0 9. 0-0 Re8 10. Bd2 a5 11. Ne2 Nf8 12. Ng3 h6 13. Re1 N6h7 14. Qc1 1/2-1/2

[Event "Budapest Vezerkepzo IM New Year"]
[Site "Budapest"]
[Date "2024.01.07"]
[Round "3"]
[White "Czebe, Attila"]
[Black "Varga, Zoltan"]
[Result "1/2-1/2"]
[WhiteElo "2346"]
[BlackElo "2366"]
[PlyCount "28"]
[EventDate "2024.01.05"]
[EventType "tourn"]
[EventRounds "11"]
[EventCountry "HUN"]
[SourceTitle "CB03_2024"]
[SourceDate "2024.01.17"]
[SourceVersion "1"]
[SourceVersionDate "2024.01.17"]
[SourceQuality "1"]

1. d4 Nf6 2. Nf3 g6 3. c4 Bg7 4. Nc3 0-0 5. Bg5 d6 6. e3 b6 7. Bd3 Bb7 8. Qe2 Nbd7 9. 0-0-0 h6 10. Bh4 c5 11. Kb1 Rc8 12. Rhe1 cxd4 13. exd4 Re8 14. Bc2 a6 1/2-1/2

[Event "Budapest Vezerkepzo GM 11"]
[Site "Budapest"]
[Date "2023.11.21"]
[Round "6"]
[White "Tyurin, Artem"]
[Black "Czebe, Attila"]
[Result "1/2-1/2"]
[WhiteElo "2302"]
[BlackElo "2365"]
[PlyCount "86"]
[EventDate "2023.11.16"]
[EventType "tourn"]
[EventRounds "9"]
[EventCountry "HUN"]
[EventCategory "6"]
[SourceTitle "CB48_2023"]
[SourceDate "2023.11.29"]
[SourceVersion "1"]
[SourceVersionDate "2023.11.29"]
[SourceQuality "1"]

1. c4 e5 2. Nc3 Bb4 3. Nd5 Be7 4. Nf3 Nc6 5. d4 d6 6. e4 Nf6 7. Nc3 Bg4 8. d5 Nd4 9. Be2 Bxf3 10. Bxf3 0-0 11. Be3 Nxf3+ 12. Qxf3 Qd7 13. h3 a6 14. 0-0 h6 15. b4 Nh7 16. Qg4 Qxg4 17. hxg4 Nf6 18. f3 h5 19. gxh5 Nxh5 20. Ne2 g6 21. g4 Ng7 22. Ng3 Bh4 23. Kg2 f5 24. Bh6 Rf7 25. Bxg7 Rxg7 26. Rh1 Bxg3 27. Kxg3 fxe4 28. fxe4 Rf8 29. Rhf1 Rxf1 30. Rxf1 Rf7 31. Rc1 g5 32. c5 Rf4 33. cxd6 cxd6 34. a4 Rxe4 35. Rc8+ Kf7 36. Rc7+ Ke8 37. Rxb7 a5 38. bxa5 Rxa4 39. Rb6 Rxa5 40. Rxd6 Ra3+ 41. Kf2 Ra4 42. Kf3 Rf4+ 43. Kg3 Kf7 1/2-1/2

[Event "Budapest Vezerkepzo GM 11"]
[Site "Budapest"]
[Date "2023.11.19"]
[Round "4"]
[White "Srihari, LR."]
[Black "Czebe, Attila"]
[Result "1-0"]
[WhiteElo "2460"]
[BlackElo "2365"]
[PlyCount "53"]
[EventDate "2023.11.16"]
[EventType "tourn"]
[EventRounds "9"]
[EventCountry "HUN"]
[EventCategory "6"]
[SourceTitle "CB48_2023"]
[SourceDate "2023.11.29"]
[SourceVersion "1"]
[SourceVersionDate "2023.11.29"]
[SourceQuality "1"]

1. d4 Nf6 2. c4 e6 3. Nf3 Bb4+ 4. Nbd2 0-0 5. a3 Be7 6. g3 b6 7. Bg2 Bb7 8. 0-0 c5 9. d5 exd5 10. Nh4 Re8 11. cxd5 Bxd5 12. e4 Be6 13. e5 Nd5 14. Nc4 Nc7 15. Nd6 Nc6 16. Nxe8 Qxe8 17. Nf3 h6 18. Re1 Bf8 19. Nd2 Nd4 20. b3 Bd5 21. Bxd5 Nxd5 22. Bb2 Qe6 23. Bxd4 cxd4 24. Nf3 Nc3 25. Nxd4 Qd5 26. Qf3 Qxd4 27. Qxa8 1-0

[Event "Budapest Vezerkepzo Fall IM"]
[Site "Budapest"]
[Date "2023.11.04"]
[Round "9"]
[White "Kushko, Dmitriy"]
[Black "Czebe, Attila"]
[Result "1-0"]
[WhiteElo "2426"]
[BlackElo "2360"]
[PlyCount "55"]
[EventDate "2023.10.30"]
[EventType "tourn"]
[EventRounds "9"]
[EventCountry "HUN"]
[SourceTitle "Mega2024 Update 01"]
[Source "Chessbase"]
[SourceDate "2023.11.12"]
[SourceVersion "1"]
[SourceVersionDate "2023.11.12"]
[SourceQuality "1"]

1. g3 e5 2. c4 d6 3. Nc3 g6 4. d4 Nd7 5. Nf3 Bg7 6. Bg2 exd4 7. Nxd4 Ne7 8. b3 0-0 9. Bb2 Nc5 10. Qd2 a5 11. Rd1 a4 12. b4 a3 13. Ba1 Na4 14. Nxa4 Rxa4 15. 0-0 Bd7 16. Bc3 Qb8 17. Nc2 Bxc3 18. Qxc3 b5 19. c5 Be6 20. h4 Bc4 21. Ne3 h5 22. Qf6 Re8 23. cxd6 cxd6 24. Nxc4 bxc4 25. Rxd6 Rxb4 26. Rd7 Rb6 27. Qc3 Nc6 28. Bxc6 1-0

[Event "Budapest Vezerkepzo Fall IM"]
[Site "Budapest"]
[Date "2023.11.03"]
[Round "7"]
[White "Konyves, Almos"]
[Black "Czebe, Attila"]
[Result "1/2-1/2"]
[WhiteElo "2279"]
[BlackElo "2360"]
[PlyCount "34"]
[EventDate "2023.10.30"]
[EventType "tourn"]
[EventRounds "9"]
[EventCountry "HUN"]
[SourceTitle "Mega2024 Update 01"]
[Source "Chessbase"]
[SourceDate "2023.11.12"]
[SourceVersion "1"]
[SourceVersionDate "2023.11.12"]
[SourceQuality "1"]

1. Nf3 c5 2. e4 Nc6 3. d4 cxd4 4. Nxd4 Qb6 5. Nb3 Nf6 6. Nc3 e6 7. Qe2 Bb4 8. Bd2 0-0 9. a3 Be7 10. 0-0-0 d6 11. g4 a6 12. g5 Nd7 13. Qe3 Qxe3 14. Bxe3 b5 15. Bg2 Bb7 16. f4 Rac8 17. Rhe1 Rfe8 1/2-1/2

[Event "Budapest Vezerkepzo Fall IM"]
[Site "Budapest"]
[Date "2023.11.01"]
[Round "4"]
[White "Kolimar, Kristof Pal"]
[Black "Czebe, Attila"]
[Result "1-0"]
[WhiteElo "2264"]
[BlackElo "2360"]
[PlyCount "118"]
[EventDate "2023.10.30"]
[EventType "tourn"]
[EventRounds "9"]
[EventCountry "HUN"]
[SourceTitle "Mega2024 Update 01"]
[Source "Chessbase"]
[SourceDate "2023.11.12"]
[SourceVersion "1"]
[SourceVersionDate "2023.11.12"]
[SourceQuality "1"]

1. d4 d6 2. Nf3 g6 3. c4 Bg7 4. Nc3 Bg4 5. g3 Qc8 6. Bg2 Bh3 7. 0-0 Bxg2 8. Kxg2 Nf6 9. e4 0-0 10. Qe2 c6 11. e5 Ne8 12. Bf4 Na6 13. Rfe1 Nac7 14. d5 cxd5 15. cxd5 b5 16. Rad1 Qb7 17. exd6 exd6 18. Ne4 Rd8 19. Qd2 Nf6 20. Nxf6+ Bxf6 21. Bg5 Bxg5 22. Qxg5 Rde8 23. Re7 Qc8 24. Rc1 Rxe7 25. Qxe7 Nxd5 26. Rxc8 Nxe7 27. Rc7 Re8 28. Rxa7 Nc6 29. Rd7 Nb4 30. Nd4 Nxa2 31. Nxb5 Re2 32. Nxd6 f5 33. Rb7 Nc1 34. Kf3 Re6 35. Nc4 Nd3 36. Ne3 Nc5 37. Rb8+ Kg7 38. b4 Ne4 39. b5 Rd6 40. g4 Nd2+ 41. Kg3 Ne4+ 42. Kf4 Nxf2 43. gxf5 Nd3+ 44. Ke4 Nc5+ 45. Kf3 Nd7 46. Rb7 Kf6 47. fxg6 hxg6 48. Rc7 g5 49. Nc4 Rd1 50. b6 Ke6 51. b7 Rb1 52. Na5 Kd6 53. Rc6+ Ke7 54. Rc8 Kd6 55. Nc4+ Ke7 56. Na5 Kd6 57. Rg8 Rb5 58. Nc4+ Kc7 59. Rc8+ Kxb7 1-0

[Event "Rhodes Summer Cup"]
[Site "Rhodes"]
[Date "2023.08.29"]
[Round "9"]
[White "Czebe, Attila"]
[Black "Garsky, Vladyslav"]
[Result "1-0"]
[WhiteElo "2360"]
[BlackElo "2099"]
[PlyCount "70"]
[EventDate "2023.08.21"]
[EventType "swiss"]
[EventRounds "9"]
[EventCountry "GRE"]
[SourceTitle "EXT 2024"]
[Source "ChessBase"]
[SourceDate "2023.10.10"]
[SourceVersion "1"]
[SourceVersionDate "2023.10.10"]
[SourceQuality "1"]

1. c4 Nf6 2. Nf3 e6 3. g3 d5 4. Bg2 Be7 5. 0-0 0-0 6. b3 c5 7. e3 Nc6 8. Qe2 b6 9. Bb2 Bb7 10. d3 Qc7 11. Re1 Rad8 12. a3 h6 13. Nc3 a6 14. Rac1 Qb8 15. Qc2 Qa8 16. Na4 Nd7 17. cxd5 exd5 18. d4 c4 19. bxc4 dxc4 20. d5 Na5 21. e4 Nb3 22. Rcd1 b5 23. Nc3 Nb6 24. Nd4 Nxd4 25. Rxd4 Bc5 26. Rdd1 Rfe8 27. Ne2 Na4 28. Nf4 Qa7 29. Bc1 Qb8 30. Bf1 Qe5 31. Bxc4 Qc3 32. Bb3 Qxc2 33. Bxc2 Nc3 34. Rd2 Bxd5 35. Bb2 b4 1-0

[Event "Spilimbergo op 21st"]
[Site "Spilimbergo"]
[Date "2023.08.12"]
[Round "6"]
[White "Arpan, Das Jr"]
[Black "Czebe, Attila"]
[Result "1/2-1/2"]
[WhiteElo "2382"]
[BlackElo "2360"]
[PlyCount "39"]
[EventDate "2023.08.09"]
[EventType "swiss"]
[EventRounds "9"]
[EventCountry "ITA"]
[SourceTitle "CBM 215 Extra"]
[Source "ChessBase"]
[SourceDate "2023.09.30"]
[SourceVersion "1"]
[SourceVersionDate "2023.09.30"]
[SourceQuality "1"]

1. e4 d6 2. d4 Nf6 3. Nc3 e5 4. Nf3 Nbd7 5. Rg1 Be7 6. g4 0-0 7. g5 Nh5 8. Be3 g6 9. h4 c6 10. a4 Qa5 11. Be2 d5 12. exd5 cxd5 13. Nxe5 Nxe5 14. dxe5 Bb4 15. Qd4 Ng7 16. Bd2 Bc5 17. Qxd5 Qb6 18. Ne4 Qxb2 19. Rd1 Be7 20. Bd3 1/2-1/2

[Event "Budapest Vezerkepzo IM 07"]
[Site "Budapest"]
[Date "2023.07.25"]
[Round "2"]
[White "Laddha, Yash Jayesh"]
[Black "Czebe, Attila"]
[Result "1/2-1/2"]
[WhiteElo "2076"]
[BlackElo "2360"]
[PlyCount "53"]
[EventDate "2023.07.24"]
[EventType "tourn"]
[EventRounds "9"]
[EventCountry "HUN"]
[SourceTitle "EXT 2024"]
[Source "ChessBase"]
[SourceDate "2023.10.10"]
[SourceVersion "1"]
[SourceVersionDate "2023.10.10"]
[SourceQuality "1"]

1. d4 d6 2. e4 g6 3. Nc3 Bg7 4. f4 Nc6 5. Nf3 Bg4 6. Be3 Bxf3 7. gxf3 e6 8. Qd2 d5 9. 0-0-0 f5 10. Na4 Nf6 11. Nc5 Qe7 12. Nxb7 0-0 13. Nc5 Rab8 14. e5 Nd7 15. Na6 Rb6 16. h4 h5 17. Rg1 Kh7 18. Qg2 Qf7 19. Qd2 Rc8 20. Bd3 Bf8 21. Nc5 Nb4 22. a3 Nxd3+ 23. Qxd3 c6 24. Rg2 Rcb8 25. b3 Be7 26. Rdg1 Rg8 27. Bf2 1/2-1/2

[Event "HUN-ch Rapid"]
[Site "Ajka"]
[Date "2023.07.23"]
[Round "10"]
[White "Czebe, Attila"]
[Black "Banusz, Tamas"]
[Result "1-0"]
[WhiteElo "2360"]
[BlackElo "2600"]
[PlyCount "125"]
[EventDate "2023.07.21"]
[EventType "swiss (rapid)"]
[EventRounds "13"]
[EventCountry "HUN"]
[SourceTitle "CBM 215 Extra"]
[Source "ChessBase"]
[SourceDate "2023.09.30"]
[SourceVersion "1"]
[SourceVersionDate "2023.09.30"]
[SourceQuality "1"]

1. Nf3 d5 2. g3 Nf6 3. Bg2 e6 4. 0-0 Be7 5. d3 0-0 6. Nbd2 Nc6 7. e4 dxe4 8. dxe4 e5 9. c3 a5 10. Qc2 Bc5 11. Nc4 Qe7 12. b3 Rd8 13. a3 h6 14. Nh4 Be6 15. Ne3 Bxe3 16. Bxe3 a4 17. b4 Bb3 18. Qe2 Qe6 19. Rfe1 Ne7 20. Bc5 Bc4 21. Qf3 Rd3 22. Re3 Rxe3 23. Qxe3 Rd8 24. Bxe7 Qxe7 25. Nf5 Qd7 26. Qc5 Be6 27. Qxe5 Bxf5 28. exf5 c6 29. Bf3 Re8 30. Qd4 Qxf5 31. Kg2 Qc2 32. c4 Qf5 33. Rd1 h5 34. Rd3 g5 35. Re3 Rxe3 36. Qxe3 g4 37. Bd1 b5 38. Be2 bxc4 39. Bxc4 Nd5 40. Qd3 Qxd3 41. Bxd3 Nc3 42. f3 Kg7 43. fxg4 hxg4 44. Bf5 Nb5 45. Bc2 Nxa3 46. Bxa4 Nb5 47. Kf2 Kf6 48. Bd1 Kf5 49. Ke3 Nc3 50. Bb3 Ke5 51. Bxf7 Ne4 52. Be8 c5 53. Bc6 Nd6 54. bxc5 Nf5+ 55. Kd3 Nd4 56. Bg2 Ne6 57. Kc4 Nd4 58. Bb7 Nf5 59. Bc8 Ne3+ 60. Kb5 Kd5 61. Bd7 Ke5 62. c6 Kd6 63. Kb6 1-0

[Event "HUN-chT 2223"]
[Site "Hungary"]
[Date "2023.04.22"]
[Round "8.7"]
[White "Czebe, Attila"]
[Black "Gara, Anita"]
[Result "1/2-1/2"]
[WhiteElo "2346"]
[BlackElo "2353"]
[PlyCount "72"]
[EventDate "2022.11.20"]
[EventType "team-tourn"]
[EventRounds "9"]
[EventCountry "HUN"]
[SourceTitle "EXT 2024"]
[Source "ChessBase"]
[SourceDate "2023.10.10"]
[SourceVersion "1"]
[SourceVersionDate "2023.10.10"]
[SourceQuality "1"]
[WhiteTeam "Ajka Sentimento"]
[BlackTeam "Budapest MTK"]
[WhiteTeamCountry "HUN"]
[BlackTeamCountry "HUN"]

1. e4 c5 2. Nf3 Nc6 3. Bb5 e6 4. 0-0 Nge7 5. Re1 a6 6. Bf1 d5 7. exd5 Nxd5 8. Nc3 Nxc3 9. bxc3 Be7 10. d4 0-0 11. Bd3 cxd4 12. cxd4 Nb4 13. Be4 f5 14. Bd3 Nxd3 15. Qxd3 b5 16. Bf4 Qd5 17. Qb3 Qxb3 18. axb3 Bf6 19. c4 Bb7 20. Rxe6 Kf7 21. Rd6 Bxf3 22. gxf3 bxc4 23. bxc4 Rfd8 24. Rdxa6 Rxa6 25. Rxa6 Rxd4 26. Be3 Rxc4 27. f4 Rc7 28. Kg2 Rd7 29. Ra5 Ke6 30. Kf3 g6 31. Rb5 Rc7 32. Ra5 Rb7 33. Ra6+ Kf7 34. Ra4 Rd7 35. Ra6 Rb7 36. Rc6 Rd7 1/2-1/2

[Event "SVK-chT 2223"]
[Site "Slovakia"]
[Date "2023.03.31"]
[Round "9.4"]
[White "Terbe, Zsuzsanna"]
[Black "Czebe, Attila"]
[Result "0-1"]
[WhiteElo "2128"]
[BlackElo "2366"]
[PlyCount "58"]
[EventDate "2022.10.22"]
[EventType "team-tourn"]
[EventRounds "11"]
[EventCountry "SVK"]
[SourceTitle "EXT 2024"]
[Source "ChessBase"]
[SourceDate "2023.10.10"]
[SourceVersion "1"]
[SourceVersionDate "2023.10.10"]
[SourceQuality "1"]
[WhiteTeam "Komarno"]
[BlackTeam "Dunajska Streda"]
[WhiteTeamCountry "SVK"]
[BlackTeamCountry "SVK"]

1. d4 Nf6 2. c4 c5 3. d5 e5 4. Nc3 d6 5. g3 g6 6. Bg2 Bg7 7. e4 0-0 8. Nge2 Ne8 9. 0-0 f5 10. f4 Nd7 11. exf5 gxf5 12. Qc2 Ndf6 13. Kh1 e4 14. Be3 Nc7 15. a4 Na6 16. Na2 Bd7 17. Rab1 Qe8 18. a5 Ng4 19. Bg1 Qh5 20. h3 b5 21. axb6 axb6 22. b4 cxb4 23. Nd4 Nc5 24. Rxb4 e3 25. Ne6 Ne4 26. Rf3 Bxe6 27. dxe6 Ra3 28. Ra4 Rxa4 29. Qxa4 e2 0-1

[Event "HUN-chT 2223"]
[Site "Hungary"]
[Date "2023.01.15"]
[Round "7.7"]
[White "Popovics, Adam"]
[Black "Czebe, Attila"]
[Result "1/2-1/2"]
[WhiteElo "2376"]
[BlackElo "2346"]
[PlyCount "76"]
[EventDate "2022.11.20"]
[EventType "team-tourn"]
[EventRounds "9"]
[EventCountry "HUN"]
[SourceTitle "CBM 213 Extra"]
[Source "ChessBase"]
[SourceDate "2023.05.31"]
[SourceVersion "1"]
[SourceVersionDate "2023.05.31"]
[SourceQuality "1"]
[WhiteTeam "Dunaharaszti"]
[BlackTeam "Ajka Sentimento"]
[WhiteTeamCountry "HUN"]
[BlackTeamCountry "HUN"]

1. Nf3 Nf6 2. c4 b6 3. g3 Bb7 4. Bg2 g6 5. 0-0 Bg7 6. d4 0-0 7. d5 Ne4 8. Qc2 f5 9. Nbd2 Nd6 10. Rb1 c6 11. Ne1 cxd5 12. cxd5 Na6 13. e4 Rc8 14. Qd1 Nc7 15. exf5 Rxf5 16. Ne4 Rxd5 17. Qb3 Nxe4 18. Bxe4 e6 19. Bxd5 Bxd5 20. Qd3 Bxa2 21. Ra1 Nd5 22. Rxa2 Nb4 23. Qb1 Nxa2 24. Bd2 Qf6 25. Qxa2 Qxb2 26. Qa6 Rc7 27. Bf4 e5 28. Bg5 Qb3 29. Nd3 h6 30. Be3 Qc4 31. Qxc4+ Rxc4 32. Rb1 d5 33. Kf1 Kf7 34. Ra1 Rc7 35. Ra6 Ke6 36. Ke2 g5 37. f3 Bf8 38. Bd2 Bd6 1/2-1/2